Nas asas da liberdade (Record no. 75201)

MARC details
000 -LÍDER
campo de controle de tamanho fixo 00357 a2200157 4500
001 - NÚMERO DE CONTROLE
campo de controle 75201
020 ## - ISBN - INTERNATIONAL STANDARD BOOK NUMBER
ISBN - International Standard Book Number
040 ## - FONTE DA CATALOGAÇÃO
Instituição que transcreveu o registro Anchieta - Colégio São Paulo
100 ## - ENTRADA PRINCIPAL--NOME PESSOAL
Nome pessoal Barbosa, Rogério Andrade
240 10 - TÍTULO UNIFORME
Título uniforme Nas asas da liberdade
Idioma da obra por
245 10 - TÍTULO
Título Nas asas da liberdade
300 ## - DESCRIÇÃO FÍSICA
Extensão [22]
362 0# - DATAS DE PUBLICAÇÃO E/OU DESIGNAÇÃO SEQUENCIAL
Datas de publicação e/ou designação sequencial 2006
650 #4 - ASSUNTO--TERMO TÓPICO
Cabeçalho tópico ou nome geográfico Literatura juvenil
942 ## - ELEMENTOS DE ENTRADA ADICIONADOS (KOHA)
Tipo de material Koha Livros
Holdings
Situação do descarte Situação das perdas Situação física Não pode ser emprestado Biblioteca de origem Biblioteca atual Data de aquisição Total de empréstimos Número de chamada completo Código de barras Data de último acesso Data do preço efetivo Tipo de material Koha Fonte da classificação ou esquema de arquivamento na estante
        Colégio São Paulo Colégio São Paulo 22/11/2023   LJ 028.5 A663n 6549/CSP 22/11/2023 22/11/2023 Livros  
        Leonardo Da Vinci - Osasco Leonardo Da Vinci - Osasco 07/03/2026   IJ B211n ex.1 O020428 07/03/2026 07/03/2026 Livros Classificação Decimal de Dewey